| 000 | 00719cam a22002533a 4500 | ||
|---|---|---|---|
| 001 | 20155 | ||
| 003 | PGUSA | ||
| 005 | 20140828083427.0 | ||
| 008 | 061221s2006||||xxu|||||s|||||000 1 eng d | ||
| 040 |
_aPGUSA _beng |
||
| 042 | _adc | ||
| 050 | 4 | _aPS | |
| 100 | 1 |
_aCooper, Courtney Ryley, _d1886-1940 |
|
| 245 | 1 | 4 |
_aThe White Desert _h[electronic resource] / _cCourtney Ryley Cooper |
| 260 |
_bProject Gutenberg, _c2006 |
||
| 506 | _aPublic domain in the USA. | ||
| 516 | _aElectronic text | ||
| 653 | _aRailroad stories | ||
| 653 | _aLumbering -- Fiction | ||
| 700 | 1 |
_aFischer, Anton Otto, _d1882-1962 |
|
| 830 | 0 |
_aProject Gutenberg _v20155 |
|
| 856 | 4 | 0 | _uhttp://www.gutenberg.org/ebooks/20155 |
| 942 | _cEB | ||
| 999 |
_c249410 _d249410 |
||